<?xml version="1.0" encoding="UTF-8"?><marc:collection xmlns:marc="http://www.loc.gov/MARC21/slim">
  <marc:record>
    <marc:leader>01534nam#a2200409zcb4500</marc:leader>
    <marc:controlfield tag="001">990176356140206441</marc:controlfield>
    <marc:controlfield tag="003">DE-605</marc:controlfield>
    <marc:controlfield tag="005">20210409082800.0</marc:controlfield>
    <marc:controlfield tag="007">tu</marc:controlfield>
    <marc:controlfield tag="008">090821|1998####gw ####|######|||#u#ger#c</marc:controlfield>
    <marc:datafield tag="016" ind1="7" ind2=" ">
      <marc:subfield code="a">75973777</marc:subfield>
      <marc:subfield code="2">OCoLC</marc:subfield>
    </marc:datafield>
    <marc:datafield tag="020" ind1=" " ind2=" ">
      <marc:subfield code="a">3933191165</marc:subfield>
    </marc:datafield>
    <marc:datafield tag="035" ind1=" " ind2=" ">
      <marc:subfield code="a">(DE-605)TT002904515</marc:subfield>
    </marc:datafield>
    <marc:datafield tag="035" ind1=" " ind2=" ">
      <marc:subfield code="a">(OCoLC)75973777</marc:subfield>
    </marc:datafield>
    <marc:datafield tag="035" ind1=" " ind2=" ">
      <marc:subfield code="a">(DE-599)HBZTT002904515</marc:subfield>
    </marc:datafield>
    <marc:datafield tag="040" ind1=" " ind2=" ">
      <marc:subfield code="a">1116</marc:subfield>
      <marc:subfield code="b">ger</marc:subfield>
      <marc:subfield code="c">1116</marc:subfield>
      <marc:subfield code="d">385</marc:subfield>
      <marc:subfield code="d">DE-605</marc:subfield>
      <marc:subfield code="e">rakwb</marc:subfield>
    </marc:datafield>
    <marc:datafield tag="041" ind1=" " ind2=" ">
      <marc:subfield code="a">ger</marc:subfield>
    </marc:datafield>
    <marc:datafield tag="044" ind1=" " ind2=" ">
      <marc:subfield code="c">XA-DE</marc:subfield>
    </marc:datafield>
    <marc:datafield tag="049" ind1=" " ind2=" ">
      <marc:subfield code="a">DE-51</marc:subfield>
    </marc:datafield>
    <marc:datafield tag="049" ind1=" " ind2=" ">
      <marc:subfield code="a">DE-38</marc:subfield>
    </marc:datafield>
    <marc:datafield tag="049" ind1=" " ind2=" ">
      <marc:subfield code="a">DE-987</marc:subfield>
    </marc:datafield>
    <marc:datafield tag="090" ind1=" " ind2=" ">
      <marc:subfield code="h">h</marc:subfield>
    </marc:datafield>
    <marc:datafield tag="100" ind1="1" ind2=" ">
      <marc:subfield code="a">Winter, Reinhard</marc:subfield>
      <marc:subfield code="d">1958-</marc:subfield>
      <marc:subfield code="0">(DE-588)124673309</marc:subfield>
      <marc:subfield code="4">aut</marc:subfield>
      <marc:subfield code="e">Verfasser</marc:subfield>
    </marc:datafield>
    <marc:datafield tag="245" ind1="1" ind2="0">
      <marc:subfield code="a">Kompetent, authentisch und normal?</marc:subfield>
      <marc:subfield code="b">aufklärungsrelevante Gesundheitsprobleme, Sexualaufklärung und Beratung von Jungen ; eine qualitative Studie im Auftrag der BZgA</marc:subfield>
      <marc:subfield code="c">von Reinhard Winter und Gunter Neubauer. [Hrsg.: Bundeszentrale für Gesundheitliche Aufklärung (BZgA) - Abteilung Sexualaufklärung, Verhütung und Familienplanung]</marc:subfield>
    </marc:datafield>
    <marc:datafield tag="264" ind1=" " ind2="1">
      <marc:subfield code="a">Köln</marc:subfield>
      <marc:subfield code="b">BZgA</marc:subfield>
      <marc:subfield code="c">1998</marc:subfield>
    </marc:datafield>
    <marc:datafield tag="300" ind1=" " ind2=" ">
      <marc:subfield code="a">386 S.</marc:subfield>
    </marc:datafield>
    <marc:datafield tag="490" ind1="1" ind2=" ">
      <marc:subfield code="a">Forschung und Praxis der Sexualaufklärung und Familienplanung</marc:subfield>
      <marc:subfield code="v">14</marc:subfield>
    </marc:datafield>
    <marc:datafield tag="688" ind1=" " ind2=" ">
      <marc:subfield code="a">Sexualität</marc:subfield>
    </marc:datafield>
    <marc:datafield tag="688" ind1=" " ind2=" ">
      <marc:subfield code="a">Sexualerziehung</marc:subfield>
    </marc:datafield>
    <marc:datafield tag="688" ind1=" " ind2=" ">
      <marc:subfield code="a">Junge</marc:subfield>
    </marc:datafield>
    <marc:datafield tag="688" ind1=" " ind2=" ">
      <marc:subfield code="a">Gesundheit</marc:subfield>
    </marc:datafield>
    <marc:datafield tag="688" ind1=" " ind2=" ">
      <marc:subfield code="a">Jugendarbeit / Junge</marc:subfield>
    </marc:datafield>
    <marc:datafield tag="700" ind1="1" ind2=" ">
      <marc:subfield code="a">Neubauer, Gunter</marc:subfield>
      <marc:subfield code="4">aut</marc:subfield>
      <marc:subfield code="e">Verfasser</marc:subfield>
    </marc:datafield>
    <marc:datafield tag="830" ind1=" " ind2="0">
      <marc:subfield code="a">Forschung und Praxis der Sexualaufklärung und Familienplanung</marc:subfield>
      <marc:subfield code="w">(DE-605)HT006804261</marc:subfield>
      <marc:subfield code="v">14</marc:subfield>
    </marc:datafield>
    <marc:datafield tag="924" ind1="0" ind2=" ">
      <marc:subfield code="a">990176356140206441</marc:subfield>
      <marc:subfield code="b">DE-51</marc:subfield>
      <marc:subfield code="c">NRW</marc:subfield>
      <marc:subfield code="d">c</marc:subfield>
    </marc:datafield>
    <marc:datafield tag="924" ind1="0" ind2=" ">
      <marc:subfield code="a">990176356140206441</marc:subfield>
      <marc:subfield code="b">DE-38</marc:subfield>
      <marc:subfield code="c">NRW</marc:subfield>
      <marc:subfield code="d">c</marc:subfield>
    </marc:datafield>
    <marc:datafield tag="924" ind1="0" ind2=" ">
      <marc:subfield code="a">990176356140206441</marc:subfield>
      <marc:subfield code="b">DE-987</marc:subfield>
      <marc:subfield code="c">NRW</marc:subfield>
      <marc:subfield code="d">c</marc:subfield>
    </marc:datafield>
  </marc:record>
</marc:collection>
